000 00671 a2200205 4500
010 _aENG-89950
020 _a8188769118
_c250.00
035 _aEN-73483
037 _bDBAD / PUB
082 1 4 _a158.1
090 _c12046
_d12046
100 1 _aDobrin, Arthur B.
245 1 _aThe lost art of happiness/
_cby Arthur B. Dobrin
260 _aMumbai
_bHindi Granth Karyalay
_c2006
270 _a9, Hirabaug C.P. Tank,
_bMumabi
_cMumbai
_e400004
300 _a141p.
_c26 cm ( Pbk.)
500 _aIncludes bibliographical references
942 _adpl
_cEN
_k158.1 / DOB
999 _c11692
_d11692